[Event "Titled Tuesday intern op 06th Feb Late"]
[Site "Chess.com INT"]
[Date "2024.02.06"]
[Round "7"]
[White "Kniazev, Igor"]
[Black "Balla, Tamas Kristof"]
[Result "1-0"]
[WhiteElo "2036"]
[BlackElo "2283"]
[PlyCount "49"]
[EventDate "2024.02.06"]
[EventType "swiss (blitz)"]
[EventRounds "11"]
[EventCountry "USA"]
[SourceTitle "CB07_2024"]
[SourceDate "2024.02.14"]
[SourceVersion "1"]
[SourceVersionDate "2024.02.14"]
[SourceQuality "1"]

1. e4 c5 2. f4 d5 3. exd5 Qxd5 4. Nf3 Bg4 5. Be2 Nc6 6. Nc3 Qd8 7. 0-0 Nf6 8. Ne5 Bxe2 9. Qxe2 Nd4 10. Qc4 e6 11. Qa4+ Nd7 12. Ne4 b5 13. Qa6 Nxe5 14. fxe5 Be7 15. c3 Qd5 16. cxd4 Qxe4 17. Qxb5+ Kd8 18. dxc5 Qxe5 19. d4 Qxd4+ 20. Be3 Qxe3+ 21. Kh1 Kc7 22. Rxf7 Rae8 23. Rd1 Qxc5 24. Rd7+ Kc8 25. Qb7# 1-0

[Event "Titled Tuesday intern op 06th Feb Late"]
[Site "Chess.com INT"]
[Date "2024.02.06"]
[Round "3"]
[White "Kniazev, Igor"]
[Black "Bueno, Alfeu Varela Jr"]
[Result "0-1"]
[WhiteElo "2036"]
[BlackElo "2155"]
[PlyCount "88"]
[EventDate "2024.02.06"]
[EventType "swiss (blitz)"]
[EventRounds "11"]
[EventCountry "USA"]
[SourceTitle "CB07_2024"]
[SourceDate "2024.02.14"]
[SourceVersion "1"]
[SourceVersionDate "2024.02.14"]
[SourceQuality "1"]

1. e4 e6 2. d4 d5 3. exd5 exd5 4. Bd3 Nc6 5. Be3 Bd6 6. Qf3 Nf6 7. h3 Qe7 8. Ne2 Ne4 9. Nd2 f5 10. 0-0-0 0-0 11. Bf4 Nb4 12. Bxd6 Qxd6 13. c3 Nxd3+ 14. Qxd3 Nxf2 15. Qf3 Nxd1 16. Rxd1 Bd7 17. Nf4 c6 18. Nd3 Rae8 19. Ne5 f4 20. Nb3 Bf5 21. Rf1 Be4 22. Qg4 b6 23. Nd2 c5 24. Nxe4 dxe4 25. Rxf4 cxd4 26. Rxf8+ Rxf8 27. cxd4 e3 28. Qe4 e2 29. Kd2 Qb4+ 30. Kxe2 Qxb2+ 31. Ke3 Qc1+ 32. Kd3 Qb1+ 33. Ke3 Qxe4+ 34. Kxe4 Rf2 35. d5 Kf8 36. d6 Rxg2 37. Nc6 Rd2 38. Ke5 Ke8 39. Nxa7 Kd7 40. Nb5 Rxa2 41. Nd4 Ra5+ 42. Ke4 Kxd6 43. Nf5+ Rxf5 44. Kxf5 b5 0-1

[Event "Titled Tuesday intern op 06th Feb Early"]
[Site "Chess.com INT"]
[Date "2024.02.06"]
[Round "7"]
[White "White, John S"]
[Black "Kniazev, Igor"]
[Result "0-1"]
[WhiteElo "2235"]
[BlackElo "2036"]
[PlyCount "82"]
[EventDate "2024.02.06"]
[EventType "swiss (blitz)"]
[EventRounds "11"]
[EventCountry "USA"]
[SourceTitle "CB07_2024"]
[SourceDate "2024.02.14"]
[SourceVersion "1"]
[SourceVersionDate "2024.02.14"]
[SourceQuality "1"]

1. e4 e5 2. Nf3 Nf6 3. Nc3 Bb4 4. d3 0-0 5. Bd2 Nc6 6. Be2 d5 7. exd5 Nxd5 8. Nxd5 Bxd2+ 9. Qxd2 Qxd5 10. 0-0 Nd4 11. Nxd4 Qxd4 12. Rfe1 Qxb2 13. Bf3 c6 14. Reb1 Qd4 15. g3 f5 16. Kg2 e4 17. Be2 b5 18. Qf4 a6 19. Qc7 Qd5 20. a4 Rf7 21. Qf4 Bb7 22. f3 h6 23. axb5 cxb5 24. dxe4 fxe4 25. Qxe4 Qd2 26. Qd3 Bxf3+ 27. Kg1 Qxe2 28. Qxe2 Bxe2 29. Re1 Bc4 30. Re5 a5 31. c3 a4 32. Rc5 Raf8 33. Re5 Rf1+ 34. Rxf1 Rxf1+ 35. Kg2 a3 36. Re8+ Kh7 37. Ra8 Ra1 38. Kf2 a2 39. Kg2 Bd5+ 40. Kh3 Bxa8 41. Kg4 Rh1 0-1

[Event "Titled Tuesday intern op 03rd Jan Early"]
[Site "Chess.com INT"]
[Date "2023.01.03"]
[Round "9"]
[White "Jarocka, Liwia"]
[Black "Kniazev, Igor"]
[Result "1-0"]
[WhiteElo "2143"]
[BlackElo "2057"]
[PlyCount "125"]
[EventDate "2023.01.03"]
[EventType "swiss (blitz)"]
[EventRounds "11"]
[EventCountry "USA"]
[SourceTitle "EXT 2024"]
[Source "ChessBase"]
[SourceDate "2023.10.10"]
[SourceVersion "1"]
[SourceVersionDate "2023.10.10"]
[SourceQuality "1"]

1. e4 e5 2. Nf3 Nf6 3. Nc3 Bb4 4. Nxe5 0-0 5. d3 d5 6. Bd2 Bxc3 7. Bxc3 dxe4 8. dxe4 Nxe4 9. Qxd8 Rxd8 10. Be2 Nxc3 11. bxc3 Nd7 12. Nxd7 Bxd7 13. 0-0 Bf5 14. Bf3 c6 15. Rab1 Rd7 16. Rfd1 Rad8 17. Rxd7 Rxd7 18. Bxc6 Rc7 19. Bxb7 Bxc2 20. Rb2 g6 21. Bd5 Rxc3 22. h3 Rc7 23. Kh2 Kg7 24. Rb8 f5 25. f4 Re7 26. Kg3 a5 27. Ra8 a4 28. Bc6 Re3+ 29. Kh2 Ra3 30. Bd5 h5 31. Ra7+ Kf8 32. h4 Bb1 33. Bf7 Bxa2 34. Bxg6 Bd5 35. Rf7+ Kg8 36. Rxf5 Be4 37. Rg5 Bxg6 38. Rxg6+ Kf7 39. Rg5 Re3 40. Rxh5 a3 41. Ra5 Kg6 42. g3 Re2+ 43. Kh3 a2 44. Kg4 Rb2 45. Ra6+ Kg7 46. h5 Kh7 47. Kg5 Rb5+ 48. f5 Rb2 49. g4 Rc2 50. Ra7+ Kg8 51. h6 Kf8 52. h7 Rh2 53. Rxa2 Rxh7 54. Ra8+ Kg7 55. Ra7+ Kh8 56. Rxh7+ Kxh7 57. Kf6 Kg8 58. Ke7 Kg7 59. f6+ Kg6 60. f7 Kh7 61. f8Q Kg6 62. Qf5+ Kg7 63. Qg5+ 1-0

[Event "Titled Tuesday intern op 03rd Jan Early"]
[Site "Chess.com INT"]
[Date "2023.01.03"]
[Round "11"]
[White "Kniazev, Igor"]
[Black "Broca Jimenez, Fernando"]
[Result "0-1"]
[WhiteElo "2057"]
[BlackElo "2075"]
[PlyCount "60"]
[EventDate "2023.01.03"]
[EventType "swiss (blitz)"]
[EventRounds "11"]
[EventCountry "USA"]
[SourceTitle "EXT 2024"]
[Source "ChessBase"]
[SourceDate "2023.10.10"]
[SourceVersion "1"]
[SourceVersionDate "2023.10.10"]
[SourceQuality "1"]

1. e4 c5 2. f4 d5 3. exd5 Qxd5 4. Nc3 Qd8 5. Nf3 Nf6 6. Bc4 Nc6 7. 0-0 e6 8. d3 Be7 9. Be3 b6 10. Bb5 Bb7 11. Ne5 Qc7 12. Ne4 0-0 13. Nxc6 Bxc6 14. Bxc6 Qxc6 15. Nxf6+ Bxf6 16. c3 Rad8 17. Qe2 Rd7 18. Rad1 Rfd8 19. f5 exf5 20. Rxf5 Re8 21. Qf2 Rde7 22. Bd2 Re2 23. Qf1 Qe6 24. Rf2 Re5 25. a3 Rd5 26. Bf4 Qd7 27. Rf3 Rd8 28. h3 g6 29. Kh1 Bg7 30. Bh2 f5 0-1

[Event "Titled Tuesday intern op 25th Jan"]
[Site "Chess.com INT"]
[Date "2022.01.25"]
[Round "1"]
[White "Morris Suzuki, Sophie"]
[Black "Kniazev, Igor"]
[Result "1-0"]
[WhiteElo "2067"]
[BlackElo "2057"]
[PlyCount "37"]
[EventDate "2022.01.25"]
[EventType "swiss (blitz)"]
[EventRounds "11"]
[EventCountry "USA"]
[SourceTitle "CBM 206 Extra"]
[Source "ChessBase"]
[SourceDate "2022.03.31"]
[SourceVersion "1"]
[SourceVersionDate "2022.03.31"]
[SourceQuality "1"]

1. d4 Nf6 2. c4 c5 3. d5 b5 4. cxb5 a6 5. b6 g6 6. Nc3 Bg7 7. Nf3 d6 8. Nd2 0-0 9. Nc4 Nbd7 10. e4 Nxb6 11. Na5 Ng4 12. Nc6 Qc7 13. a4 Ne5 14. a5 Nbc4 15. f4 Bg4 16. Qa4 Nxc6 17. dxc6 Nxa5 18. Nd5 Qxc6 19. Nxe7+ 1-0

[Event "Titled Tuesday intern op 02nd Nov"]
[Site "Chess.com INT"]
[Date "2021.11.02"]
[Round "7"]
[White "Kniazev, Igor"]
[Black "Marcziter, Dmitrii"]
[Result "0-1"]
[WhiteElo "2057"]
[BlackElo "2241"]
[PlyCount "108"]
[EventDate "2021.11.02"]
[EventType "swiss (blitz)"]
[EventRounds "11"]
[EventCountry "USA"]
[SourceTitle "CBM 205 Extra"]
[Source "ChessBase"]
[SourceDate "2022.01.31"]
[SourceVersion "1"]
[SourceVersionDate "2022.01.31"]
[SourceQuality "1"]

1. e4 c5 2. f4 a6 3. Nf3 e6 4. d4 cxd4 5. Nxd4 Qc7 6. Be2 Bc5 7. c3 Nc6 8. 0-0 Nf6 9. e5 Nd5 10. Kh1 0-0 11. b4 Ba7 12. a3 f5 13. c4 Bxd4 14. cxd5 Bxa1 15. dxc6 Qxc6 16. Nd2 Bd4 17. Nb3 Ba7 18. Qd3 Qe4 19. Qd2 Qc6 20. Bf3 Qc7 21. Rd1 Rb8 22. Bb2 b5 23. Bd4 Bxd4 24. Qxd4 Bb7 25. Nc5 Bxf3 26. gxf3 Qc6 27. Kg2 Rf7 28. Nxd7 Rc8 29. Nc5 h6 30. Qd6 Qe8 31. Qxe6 Qxe6 32. Nxe6 Re7 33. Rd8+ Rxd8 34. Nxd8 Rd7 35. Nc6 Rd3 36. Ne7+ Kf7 37. Nxf5 Rxa3 38. Nd6+ Ke6 39. Ne4 g5 40. Kg3 Ra1 41. Nc5+ Kf5 42. e6 Re1 43. Kf2 Rxe6 44. Nxe6 Kxe6 45. fxg5 hxg5 46. Ke3 Kd5 47. f4 gxf4+ 48. Kxf4 a5 49. h4 a4 50. h5 a3 51. h6 a2 52. h7 a1Q 53. Kf5 Qh8 54. Kg6 Kc4 0-1

[Event "Titled Tuesday intern op 08th June"]
[Site "Chess.com INT"]
[Date "2021.06.08"]
[Round "4"]
[White "Badelka, Olga"]
[Black "Kniazev, Igor"]
[Result "1-0"]
[WhiteElo "2418"]
[BlackElo "2057"]
[PlyCount "35"]
[EventDate "2021.06.08"]
[EventType "swiss (blitz)"]
[EventRounds "11"]
[EventCountry "USA"]
[SourceTitle "CBM 202 Extra"]
[Source "ChessBase"]
[SourceDate "2021.07.31"]
[SourceVersion "1"]
[SourceVersionDate "2021.07.31"]
[SourceQuality "1"]

1. Nf3 Nf6 2. g3 g6 3. Bg2 Bg7 4. d4 0-0 5. c4 d6 6. 0-0 Nbd7 7. Nc3 e5 8. e4 exd4 9. Nxd4 a5 10. Qc2 Re8 11. Rd1 Nc5 12. h3 Bd7 13. Be3 Qc8 14. Kh2 Ne6 15. Rac1 Nxd4 16. Bxd4 Bc6 17. Nd5 a4 18. Nxf6+ 1-0

[Event "Titled Tuesday intern op 08th June"]
[Site "Chess.com INT"]
[Date "2021.06.08"]
[Round "2"]
[White "Gogolev, Artem"]
[Black "Kniazev, Igor"]
[Result "0-1"]
[WhiteElo "2316"]
[BlackElo "2057"]
[PlyCount "92"]
[EventDate "2021.06.08"]
[EventType "swiss (blitz)"]
[EventRounds "11"]
[EventCountry "USA"]
[SourceTitle "CBM 202 Extra"]
[Source "ChessBase"]
[SourceDate "2021.07.31"]
[SourceVersion "1"]
[SourceVersionDate "2021.07.31"]
[SourceQuality "1"]

1. c4 e5 2. Nf3 e4 3. Nd4 c5 4. Nc2 f5 5. Nc3 Nf6 6. d3 Nc6 7. dxe4 Nxe4 8. Nxe4 fxe4 9. g3 d6 10. Bg2 Bf5 11. 0-0 Qf6 12. Ne3 0-0-0 13. a3 Nd4 14. Rb1 g6 15. b4 Bh6 16. bxc5 dxc5 17. Nd5 Rxd5 18. cxd5 Bxc1 19. Rxc1 b6 20. e3 Nf3+ 21. Bxf3 exf3 22. Qxf3 Rf8 23. e4 Bh3 24. Qxf6 Rxf6 25. Rfe1 Rf3 26. e5 Rxa3 27. e6 Kd8 28. d6 Rd3 29. d7 Ke7 30. Rcd1 c4 31. f4 Bg4 32. Rc1 Bxe6 33. Rxc4 Kxd7 34. Rce4 Bd5 35. Re7+ Kc6 36. Rxa7 Kc5 37. Re2 Kd4 38. Rxh7 Rd2 39. Rxd2+ Ke3 40. Rxd5 Ke2 41. Re7+ Kf3 42. Rg5 b5 43. f5 b4 44. fxg6 b3 45. h3 b2 46. Rb5 b1Q+ 0-1

[Event "Titled Tuesday intern op 01st June"]
[Site "Chess.com INT"]
[Date "2021.06.01"]
[Round "8"]
[White "Kniazev, Igor"]
[Black "Rusan, Paul Cristian"]
[Result "0-1"]
[WhiteElo "2057"]
[BlackElo "2106"]
[PlyCount "62"]
[EventDate "2021.06.01"]
[EventType "swiss (blitz)"]
[EventRounds "11"]
[EventCountry "USA"]
[SourceTitle "CBM 202 Extra"]
[Source "ChessBase"]
[SourceDate "2021.07.31"]
[SourceVersion "1"]
[SourceVersionDate "2021.07.31"]
[SourceQuality "1"]

1. e4 c5 2. f4 d5 3. exd5 Nf6 4. Nf3 Nxd5 5. Bc4 Nc6 6. 0-0 Bg4 7. h3 Bxf3 8. Qxf3 e6 9. Nc3 Nd4 10. Qe4 Nf6 11. Qxb7 Bd6 12. Bb5+ Kf8 13. Bc6 Rb8 14. Qxa7 Nxc6 15. Qa4 Nd4 16. d3 Rb4 17. Qa6 Nxc2 18. Rb1 Rb6 19. Qa5 Nb4 20. Ne4 Nxd3 21. Nxd6 Qxd6 22. Be3 g6 23. Rbd1 Rc6 24. Rxd3 Qxd3 25. Rf3 Kg7 26. Bxc5 Qd5 27. b4 Ne4 28. Qa3 Nxc5 29. bxc5 Qxc5+ 30. Qxc5 Rxc5 31. a4 Ra8 0-1

[Event "Titled Tuesday intern op 26th Jan"]
[Site "Chess.com INT"]
[Date "2021.01.26"]
[Round "4"]
[White "Kniazev, Igor"]
[Black "Serikbay, Assel"]
[Result "0-1"]
[WhiteElo "2057"]
[BlackElo "2228"]
[PlyCount "88"]
[EventDate "2021.01.26"]
[EventType "swiss (blitz)"]
[EventRounds "11"]
[EventCountry "USA"]
[SourceTitle "CBM 200 Extra"]
[Source "ChessBase"]
[SourceDate "2021.03.31"]
[SourceVersion "1"]
[SourceVersionDate "2021.03.31"]
[SourceQuality "1"]

1. e4 c5 2. f4 Nc6 3. Nf3 g6 4. Bc4 Bg7 5. 0-0 e6 6. Qe1 Nge7 7. c3 0-0 8. d3 d5 9. Bb3 b5 10. Bc2 b4 11. a3 bxc3 12. Nxc3 Rb8 13. Qh4 c4 14. dxc4 d4 15. Nd1 d3 16. Bb1 Nd4 17. Bxd3 Nb3 18. Nf2 Nxa1 19. f5 exf5 20. exf5 Nxf5 21. Qxd8 Rxd8 22. Bxf5 Bxf5 23. Bg5 Nb3 24. Bxd8 Rxd8 25. g4 Be6 26. c5 Nxc5 27. b4 Na4 28. Ng5 Bc4 29. Rc1 Nb2 30. Nfe4 f5 31. Nc5 Bd4+ 32. Kg2 Bxc5 33. Rc2 Bd4 34. Nf3 Bd5 35. gxf5 gxf5 36. Kg3 Bxf3 37. Kxf3 Nd3 38. Kg3 f4+ 39. Kg4 Be3 40. Kg5 Rf8 41. Rc3 Ne5 42. Rc1 Bxc1 43. h4 f3+ 44. Kh5 Rf5# 0-1

[Event "Titled Tuesday intern op 26th Jan"]
[Site "Chess.com INT"]
[Date "2021.01.26"]
[Round "3"]
[White "Kniazev, Igor"]
[Black "Tarasova, Viktoriya"]
[Result "0-1"]
[WhiteElo "2057"]
[BlackElo "2226"]
[PlyCount "106"]
[EventDate "2021.01.26"]
[EventType "swiss (blitz)"]
[EventRounds "11"]
[EventCountry "USA"]
[SourceTitle "CBM 200 Extra"]
[Source "ChessBase"]
[SourceDate "2021.03.31"]
[SourceVersion "1"]
[SourceVersionDate "2021.03.31"]
[SourceQuality "1"]

1. e4 c5 2. f4 g6 3. Nf3 Bg7 4. Bc4 d6 5. 0-0 e6 6. Qe1 Ne7 7. d3 d5 8. Bb3 a5 9. a4 Nbc6 10. c3 b6 11. Nbd2 0-0 12. Qh4 Ba6 13. Bc2 dxe4 14. Nxe4 Nf5 15. Qh3 Nd6 16. Nfg5 h6 17. Nxd6 Qxd6 18. Ne4 Qe7 19. f5 exf5 20. Ng3 Ne5 21. Bxh6 Bxh6 22. Qxh6 Ng4 23. Qf4 Qe3+ 24. Kh1 Qxf4 25. Rxf4 Ne3 26. Bb3 Rad8 27. d4 cxd4 28. Rxd4 Rxd4 29. cxd4 Rd8 30. Re1 Nc4 31. Re7 Rxd4 32. h3 Kf8 33. Ra7 Nd2 34. Rc7 Nxb3 35. Kh2 Kg7 36. Ra7 Bc4 37. Rc7 Be6 38. Ne2 Nc5 39. Nxd4 Kf6 40. Rc6 Ke5 41. Nf3+ Kd5 42. Rxb6 Nxa4 43. Rb5+ Kd6 44. Nd4 Nc5 45. Rxa5 Nd3 46. Ra6+ Ke5 47. Nc6+ Kf4 48. b4 Bd5 49. b5 Ne1 50. Ra4+ Kg5 51. h4+ Kf6 52. Nd4 Nxg2 53. b6 Kg7 0-1

[Event "Titled Tuesday intern op 24th Nov"]
[Site "Chess.com INT"]
[Date "2020.11.24"]
[Round "1"]
[White "Kniazev, Igor"]
[Black "Erdogan, Anil Berk"]
[Result "1/2-1/2"]
[WhiteElo "2057"]
[BlackElo "2155"]
[PlyCount "121"]
[EventDate "2020.11.24"]
[EventType "swiss (blitz)"]
[EventRounds "11"]
[EventCountry "USA"]
[SourceTitle "CBM 199 Extra"]
[Source "ChessBase"]
[SourceDate "2021.01.31"]
[SourceVersion "1"]
[SourceVersionDate "2021.01.31"]
[SourceQuality "1"]

1. e4 c5 2. f4 Nc6 3. Nf3 g6 4. Bc4 Bg7 5. 0-0 e6 6. Qe1 Nge7 7. Nc3 0-0 8. e5 Nd4 9. Nxd4 cxd4 10. Ne4 d5 11. exd6 Nf5 12. d3 Nxd6 13. Bb3 b6 14. Nxd6 Qxd6 15. Qe4 Rb8 16. Bd2 Bb7 17. Qe2 b5 18. a3 Rfe8 19. Bb4 Qd8 20. Rac1 a5 21. Be1 a4 22. Ba2 Bd5 23. c4 bxc4 24. Bxc4 Bxc4 25. Rxc4 Qb6 26. Bb4 Rec8 27. Qc2 Rxc4 28. Qxc4 Qb7 29. Rc1 Bf8 30. Bxf8 Kxf8 31. Qxd4 Qb6 32. Rc8+ Ke7 33. Qxb6 Rxb6 34. Rc2 Rb3 35. d4 Kd6 36. Kf2 Kd5 37. Rc7 Rxb2+ 38. Kf3 Rb3+ 39. Kg4 f5+ 40. Kg5 Rxa3 41. Rxh7 Ra2 42. g3 a3 43. Kxg6 Kxd4 44. Ra7 Kc4 45. h4 Kb3 46. Rb7+ Kc3 47. Ra7 Kb2 48. Rb7+ Ka1 49. h5 Rg2 50. h6 Rxg3+ 51. Kf6 Rh3 52. h7 a2 53. Kg7 Rg3+ 54. Kf6 Rh3 55. Kg7 Rg3+ 56. Kf8 Rh3 57. Kg8 Rg3+ 58. Kf7 Rh3 59. Kg8 Rg3+ 60. Kf7 Rh3 61. Kg8 1/2-1/2

[Event "Izhevsk Corporation Cup-A 4th"]
[Site "Izhevsk"]
[Date "2012.07.18"]
[Round "4"]
[White "Kniazev, Igor"]
[Black "Ivanov, Stepan"]
[Result "1-0"]
[WhiteElo "2194"]
[BlackElo "2018"]
[PlyCount "73"]
[EventDate "2012.07.15"]
[EventType "swiss"]
[EventRounds "9"]
[EventCountry "RUS"]
[SourceTitle "EXT 2013"]
[Source "ChessBase"]
[SourceDate "2012.11.22"]
[SourceVersion "1"]
[SourceVersionDate "2012.11.22"]
[SourceQuality "1"]

1. e4 c5 2. f4 d5 3. exd5 Nf6 4. Bc4 Nxd5 5. Qf3 e6 6. Nc3 Nxc3 7. Qxc3 a6 8. b3 Be7 9. Nf3 b5 10. Be2 Bb7 11. Bb2 Bf6 12. Ne5 Nc6 13. Bf3 Rc8 14. 0-0 0-0 15. Be4 Bxe5 16. fxe5 Nd4 17. Qd3 Bxe4 18. Qxe4 Qg5 19. Rf2 Rcd8 20. Re1 Rd5 21. c4 bxc4 22. bxc4 Rd7 23. Ba3 Rc8 24. d3 Qd8 25. Rb1 Qa5 26. Bc1 Nc6 27. Be3 Nb4 28. d4 Nxa2 29. Bd2 Qd8 30. d5 exd5 31. Qg4 Nb4 32. Bg5 Qe8 33. Bf6 g6 34. Rd1 d4 35. Rf3 Nc6 36. Rh3 Qf8 37. Qxd7 1-0

[Event "Izhevsk Corporation Cup-A 4th"]
[Site "Izhevsk"]
[Date "2012.07.16"]
[Round "2"]
[White "Kniazev, Igor"]
[Black "Afanasiev, Dmitry1111"]
[Result "0-1"]
[WhiteElo "2194"]
[BlackElo "2068"]
[PlyCount "92"]
[EventDate "2012.07.15"]
[EventType "swiss"]
[EventRounds "9"]
[EventCountry "RUS"]
[SourceTitle "EXT 2013"]
[Source "ChessBase"]
[SourceDate "2012.11.22"]
[SourceVersion "1"]
[SourceVersionDate "2012.11.22"]
[SourceQuality "1"]

1. d4 d5 2. Nf3 Nf6 3. g3 c6 4. Bg2 Bf5 5. c4 e6 6. 0-0 h6 7. Nc3 Nbd7 8. Qb3 Qb6 9. Re1 Be7 10. Nd2 Qxd4 11. Qxb7 0-0 12. Qxc6 Rfc8 13. Qb7 Rab8 14. Nb3 Qxc4 15. Qxa7 Bc2 16. Nd2 Qg4 17. h3 Qg6 18. Nf1 Bc5 19. Qa6 Ne5 20. Bf4 Nfd7 21. Na4 Ra8 22. Nxc5 Rxa6 23. Nxa6 Nc4 24. b3 Ncb6 25. Nb4 e5 26. Nxc2 Rxc2 27. Bd2 Nc5 28. Ba5 d4 29. Nd2 f5 30. Rec1 Rxc1+ 31. Rxc1 Nbd7 32. b4 Ne4 33. b5 Nxd2 34. Bd5+ Kh7 35. Bxd2 e4 36. Rc6 Qh5 37. g4 Qxh3 38. gxf5 Qg4+ 39. Kf1 Qh3+ 40. Kg1 Qg4+ 41. Kf1 Ne5 42. f6 d3 43. exd3 Qh3+ 44. Ke2 Qxd3+ 45. Kd1 Qxd5 46. Rc7 Nf3 0-1

[Event "Nabereznye Chelny op 8th"]
[Site "Nabereznye Chelny"]
[Date "2010.01.26"]
[Round "8"]
[White "Kniazev, Igor"]
[Black "Afanasiev, Dmitry"]
[Result "0-1"]
[WhiteElo "2240"]
[BlackElo "1995"]
[PlyCount "106"]
[EventDate "2010.01.19"]
[EventType "swiss"]
[EventRounds "9"]
[EventCountry "RUS"]
[SourceTitle "CBM 134 Extra"]
[Source "ChessBase"]
[SourceDate "2010.03.03"]
[SourceVersion "1"]
[SourceVersionDate "2010.03.03"]
[SourceQuality "1"]

1. d4 d5 2. Nf3 Nf6 3. g3 Bf5 4. c4 c6 5. Qb3 Qb6 6. Bg2 e6 7. Nc3 Be7 8. 0-0 0-0 9. Re1 h6 10. Bf4 Nbd7 11. c5 Qxb3 12. axb3 g5 13. Be3 Kh7 14. b4 a6 15. Ne5 Nxe5 16. dxe5 Nd7 17. Bd4 a5 18. e4 axb4 19. Na4 dxe4 20. b3 Rfd8 21. Rac1 Nb8 22. Rc4 Ra5 23. Re3 Na6 24. Bxe4 Bxe4 25. Rxe4 Rd5 26. f4 Bxc5 27. Bxc5 Nxc5 28. Nxc5 Raxc5 29. Rxc5 Rxc5 30. Rxb4 b5 31. Kf2 Rc2+ 32. Ke3 Rxh2 33. Rd4 g4 34. Rd7 Kg6 35. Rd6 Rg2 36. Ke4 Re2+ 37. Kd3 Rb2 38. Ke4 Kg7 39. Rd3 c5 40. Rc3 b4 41. Rxc5 Rxb3 42. f5 exf5+ 43. Kxf5 Rxg3 44. Rc7 Re3 45. Rc4 h5 46. Rxb4 g3 47. Rb1 g2 48. Kf4 Re2 49. Kf3 Ra2 50. Rg1 Kg6 51. Kf4 Ra4+ 52. Kf3 Rg4 53. Kf2 Kg5 0-1

[Event "Tatarstan-ch op"]
[Site "Kazan"]
[Date "2008.08.29"]
[Round "9"]
[White "Maksimov, Sergei Alexandrovic"]
[Black "Kniazev, Igor"]
[Result "1-0"]
[WhiteElo "2225"]
[BlackElo "2285"]
[PlyCount "95"]
[EventDate "2008.08.21"]
[EventType "swiss"]
[EventRounds "9"]
[EventCountry "RUS"]
[SourceTitle "EXT 2010"]
[Source "ChessBase"]
[SourceDate "2010.11.25"]
[SourceVersion "1"]
[SourceVersionDate "2010.11.25"]
[SourceQuality "1"]

1. e4 e5 2. Nf3 Nf6 3. d3 Nc6 4. g3 Bc5 5. Bg2 d6 6. 0-0 0-0 7. Be3 Bb6 8. Bxb6 axb6 9. Nbd2 Bg4 10. h3 Be6 11. a3 h6 12. c3 b5 13. d4 Bd7 14. d5 Ne7 15. Qe2 c6 16. dxc6 bxc6 17. c4 Rb8 18. c5 Qc7 19. cxd6 Qxd6 20. Rfd1 Qc7 21. Rac1 Be6 22. Qe3 Nd7 23. Nb3 Bxb3 24. Qxb3 c5 25. Bf1 c4 26. Qb4 Nc5 27. Bxc4 bxc4 28. Qxc4 Rfc8 29. b4 Ne6 30. Qxc7 Nxc7 31. Rd7 Nb5 32. Rxc8+ Nxc8 33. Rd8+ Kh7 34. Nxe5 Ra8 35. a4 f6 36. Nc6 Nbd6 37. a5 g5 38. f4 gxf4 39. gxf4 Kg7 40. e5 fxe5 41. fxe5 Nf7 42. Rd7 Kf8 43. b5 Nxe5 44. Rd8+ Kg7 45. Nxe5 Rxa5 46. Rxc8 Rxb5 47. Nf3 Kg6 48. Kg2 1-0

[Event "Tatarstan-ch op"]
[Site "Kazan"]
[Date "2008.08.25"]
[Round "5"]
[White "Fedotov, Ivan"]
[Black "Kniazev, Igor"]
[Result "1-0"]
[WhiteElo "1979"]
[BlackElo "2285"]
[PlyCount "95"]
[EventDate "2008.08.21"]
[EventType "swiss"]
[EventRounds "9"]
[EventCountry "RUS"]
[SourceTitle "EXT 2010"]
[Source "ChessBase"]
[SourceDate "2010.11.25"]
[SourceVersion "1"]
[SourceVersionDate "2010.11.25"]
[SourceQuality "1"]

1. e4 e5 2. Nf3 Nf6 3. Nxe5 d6 4. Nf3 Nxe4 5. d4 d5 6. Bd3 Bf5 7. 0-0 Be7 8. c4 dxc4 9. Bxc4 0-0 10. Nc3 c6 11. Re1 Nd6 12. Bb3 Bf6 13. Bf4 Na6 14. Ne5 Nc7 15. Qf3 Ndb5 16. Nxf7 Rxf7 17. Bxc7 Nxd4 18. Bxf7+ Kxf7 19. Qxf5 Nxf5 20. Bxd8 Rxd8 21. Rad1 Nd4 22. Ne4 Be7 23. a3 a5 24. Rd2 c5 25. Kf1 Rd5 26. Nc3 Rh5 27. Ne2 Bg5 28. f4 Bh4 29. Ng3 Rh6 30. Re5 b6 31. Nf5 Nxf5 32. Rxf5+ Ke7 33. Re5+ Kf8 34. g3 Be7 35. Rde2 Bf6 36. Re6 b5 37. Ra6 a4 38. Rb6 Rh5 39. Rxb5 Rd5 40. Ra5 Rd1+ 41. Kg2 Rb1 42. Rb5 Kf7 43. Kf3 Bd4 44. Ra5 Rf1+ 45. Ke4 Ke6 46. Ra6+ Kd7 47. Rxa4 Kc6 48. Rxd4 1-0

[Event "Tatarstan-ch op"]
[Site "Kazan"]
[Date "2008.08.24"]
[Round "4"]
[White "Kniazev, Igor"]
[Black "Vasiljev, Vasili"]
[Result "1/2-1/2"]
[WhiteElo "2285"]
[BlackElo "2192"]
[PlyCount "34"]
[EventDate "2008.08.21"]
[EventType "swiss"]
[EventRounds "9"]
[EventCountry "RUS"]
[SourceTitle "EXT 2010"]
[Source "ChessBase"]
[SourceDate "2010.11.25"]
[SourceVersion "1"]
[SourceVersionDate "2010.11.25"]
[SourceQuality "1"]

1. e4 c6 2. d4 d5 3. Nc3 dxe4 4. Nxe4 Nd7 5. Qe2 e6 6. Nf3 Ngf6 7. Bg5 Qa5+ 8. c3 Be7 9. Ned2 0-0 10. g3 h6 11. Nc4 Qd8 12. Bf4 Nd5 13. Bd6 c5 14. Bg2 b6 15. Nfd2 Bb7 16. 0-0 cxd4 17. cxd4 N7f6 1/2-1/2

[Event "Nezhmetdinov Memorial 30th"]
[Site "Kazan"]
[Date "2008.06.07"]
[Round "7"]
[White "Looshnikov, Nikolai"]
[Black "Kniazev, Igor"]
[Result "1-0"]
[WhiteElo "2462"]
[BlackElo "2285"]
[PlyCount "125"]
[EventDate "2008.06.01"]
[EventType "swiss"]
[EventRounds "9"]
[EventCountry "RUS"]
[SourceTitle "EXT 2009"]
[Source "ChessBase"]
[SourceDate "2008.11.26"]
[SourceVersion "1"]
[SourceVersionDate "2008.11.26"]
[SourceQuality "1"]

1. e4 e5 2. Nf3 Nf6 3. Nxe5 d6 4. Nc4 Nxe4 5. Qe2 Qe7 6. Ne3 c6 7. c4 g6 8. d3 Nc5 9. Bd2 Nbd7 10. Bc3 f6 11. d4 Ne4 12. Bb4 Kf7 13. f3 Ng5 14. d5 c5 15. Bc3 h5 16. Nd2 Bh6 17. Kf2 Re8 18. Re1 f5 19. g3 Nf6 20. h4 Ngh7 21. Qd3 Bxe3+ 22. Rxe3 Qxe3+ 23. Qxe3 Rxe3 24. Kxe3 b5 25. b3 b4 26. Bb2 Bd7 27. Bd3 a5 28. a3 bxa3 29. Bxa3 Ne8 30. Ra1 Nc7 31. Bc2 Na6 32. Kf4 Re8 33. Bd3 Re7 34. Bb2 Nb4 35. Bf1 a4 36. bxa4 Nc2 37. Ra2 Nb4 38. Ra3 Nc2 39. Rb3 Bxa4 40. Rb6 Nb4 41. Rxd6 Bc2 42. Bc3 Na2 43. Bb2 Nb4 44. Ba3 Re1 45. Rd7+ Re7 46. Rxe7+ Kxe7 47. Ke5 Nf8 48. d6+ Kd7 49. Bxb4 cxb4 50. Kd5 b3 51. c5 b2 52. c6+ Ke8 53. c7 Bb3+ 54. Nxb3 b1Q 55. c8Q+ Kf7 56. Qc7+ Kg8 57. Bc4 Nh7 58. Qd8+ Kg7 59. Qe7+ Kh6 60. Qe3+ Kg7 61. Qc3+ Nf6+ 62. Ke6 f4 63. Qxf6+ 1-0